| 000 | 01043nam a22003137a 4500 | ||
|---|---|---|---|
| 003 | EG-ScBUE | ||
| 005 | 20220625114916.0 | ||
| 008 | 110522s2008 enk f 000 0 eng d | ||
| 020 | _a9781405882163 | ||
| 020 | _a9781405879552 (CD-ROM) | ||
| 040 |
_aEG-ScBUE _beng _erda _cEG-ScBUE _dEG-ScBUE |
||
| 082 | 0 | 4 |
_222 _a428.6 _bMAH |
| 100 | 1 |
_924018 _aMah, Adeline Yen _d1937- _eauthor. |
|
| 245 | 1 | 0 |
_aFalling leaves / _cAdeline Yen Mah ; retold by Sue Harmes. |
| 264 | 1 |
_aHarlow, England : _bPearson Education Limited, _c2008. |
|
| 300 |
_a77 pages ; _c20 cm. |
||
| 336 |
_2rdacontent _atext _btxt |
||
| 337 |
_2rdamedia _aunmediated _bn |
||
| 338 |
_2rdacarrier _avolume _bnc |
||
| 490 | 0 |
_aPenguin readers ; _xlevel 4 |
|
| 521 | _aB1: Intermediate | ||
| 650 | 7 |
_924021 _aEnglish language _vTextbooks for foreign speakers. _2BUEsh |
|
| 650 | 7 |
_924022 _aReaders for new literates. _2BUEsh |
|
| 651 | _2BUEsh | ||
| 653 |
_cMay2011 _bHHUUEENN |
||
| 655 |
_vReading book _934232 |
||
| 700 | 1 |
_924019 _aHarmes, Sue, _econtributor. |
|
| 942 |
_2ddc _cBB |
||
| 999 |
_c15359 _d15359 |
||